ბათუმის შოთა რუსთაველის სახელმწიფო უნივერსიტეტის ბიბლიოთეკა

პედაგოგიკის თეორიისა და ისტორიის საკითხები. (ბიბ.ჩანაწერი № 35483)

000 -LEADER
fixed length control field 00920nam a2200241Ia 4500
001 - CONTROL NUMBER
control field 1342
003 - CONTROL NUMBER IDENTIFIER
control field GE_BSU
008 - FIXED-LENGTH DATA ELEMENTS--GENERAL INFORMATION
fixed length control field 181216s||||||||xx |||||||||||||| ||und||
020 ## - INTERNATIONAL STANDARD BOOK NUMBER
International Standard Book Number 9789941412783
040 ## - CATALOGING SOURCE
Transcribing agency GE_BSU
080 ## - UNIVERSAL DECIMAL CLASSIFICATION NUMBER
Universal Decimal Classification number 37.01(09)
100 ## - MAIN ENTRY--PERSONAL NAME
Personal name ბიბილეიშვილი,იური
245 ## - TITLE STATEMENT
Title პედაგოგიკის თეორიისა და ისტორიის საკითხები.
245 ## - TITLE STATEMENT
Statement of responsibility, etc. რედ. ბარამიძე,ნოდარ
260 ## - PUBLICATION, DISTRIBUTION, ETC.
Place of publication, distribution, etc. ბათუმი
260 ## - PUBLICATION, DISTRIBUTION, ETC.
Name of publisher, distributor, etc. შოთა რუსთაველის სახ.უნივერსიტეტი
260 ## - PUBLICATION, DISTRIBUTION, ETC.
Date of publication, distribution, etc. 2011
300 ## - PHYSICAL DESCRIPTION
Extent 516 გვ. 20 სმ.
653 ## - INDEX TERM--UNCONTROLLED
Uncontrolled term პედაგოგიკა
653 ## - INDEX TERM--UNCONTROLLED
Uncontrolled term პედაგოგიკის თეორიისა და ისტორიის საკითხები.
942 ## - ADDED ENTRY ELEMENTS (KOHA)
Koha item type წიგნი
ეგზემპლარები
Withdrawn status Lost status Damaged status Not for loan Date acquired Barcode Date last seen Price effective from Koha item type Public note
        2018-12-17 2947 2018-12-17 2018-12-17 წიგნი დარბაზი
        2018-12-17 2948 2018-12-17 2018-12-17 წიგნი დარბაზი